000 00344nam a2200145Ia 4500
008 220217s9999||||xx |||||||||||||| ||und||
020 _a9788131721407
082 _a620.106 DOU
100 _aDouglas, John F
245 0 _aFluid Mechanics
250 _a5
260 _aPearson
_bNoida
_c2011
300 _a992
_b665
650 _aMECHANICS
999 _c181911
_d181911